000 00337nam a2200133Ia 4500
008 230411s9999 xx 000 0 und d
041 _aeng
082 _aAD/610.6/TNA/B00381
100 _aTNAI
245 _aNursing Administration and Management
260 _bTNAI
_aNew Delhi
_c2000
300 _a282p
999 _c151857
_d151857